Engineering Mathematics (Record no. 3876)
[ view plain ]
| 005 - DATE AND TIME OF LATEST TRANSACTION | |
|---|---|
| control field | 20250625141113.0 |
| 020 ## - INTERNATIONAL STANDARD BOOK NUMBER | |
| International Standard Book Number | 978-0-230-57354-3 |
| 082 ## - DEWEY DECIMAL CLASSIFICATION NUMBER | |
| Classification number | LM 510.246 STR |
| 100 ## - MAIN ENTRY--PERSONAL NAME | |
| Author name | STROUD, K. A. |
| 245 ## - TITLE STATEMENT | |
| Title | Engineering Mathematics |
| 250 ## - EDITION STATEMENT | |
| Edition statement | 6th Ed. |
| 260 ## - PUBLICATION, DISTRIBUTION, ETC. | |
| Place of publication, distribution, etc. | Hampshire, |
| Name of publisher, distributor, etc. | Palgrave Macmillan, |
| Date of publication, distribution, etc. | 2007. |
| 300 ## - PHYSICAL DESCRIPTION | |
| Extent | xxx,1258p.: Ill.; figure & table |
| Other physical details | Index, |
| Dimensions | 25cm. |
| 700 ## - ADDED ENTRY--PERSONAL NAME | |
| Other authors/Editors | BOOTH, D. J. |
| 856 ## - ELECTRONIC LOCATION AND ACCESS | |
| Link text | Access Online Book |
| Electronic name | Engineering Mathematics |
| Path | www.palgrave.com |
| 942 ## - ADDED ENTRY ELEMENTS (KOHA) | |
| Source of classification or shelving scheme | Dewey Decimal Classification |
| Koha item type | Books |
| Date last seen | Total checkouts | Full call number | Barcode | Cost, replacement price | Price effective from | Koha item type | Lost status | Source of classification or shelving scheme | Damaged status | Not for loan | Withdrawn status | Home library | Current library | Shelving location | Date acquired | Cost, normal purchase price |
|---|---|---|---|---|---|---|---|---|---|---|---|---|---|---|---|---|
| 06/12/2025 | LM 510.246 STR | 00000010854 | 234000.00 | 06/12/2025 | Books | Dewey Decimal Classification | College of Business Education Main Library | College of Business Education Main Library | Special Reserve Collection | 06/17/2014 | 78000.00 |
